| 000 | 00418 a2200157 4500 | ||
|---|---|---|---|
| 005 | 20150417141355.0 | ||
| 008 | 130725b xxu||||| |||| 00| 0 eng d | ||
| 020 | _a9382167129 | ||
| 080 |
_aFM _bTOL/T"2012" CL |
||
| 100 |
_a Tolstoy, Leo _96061 |
||
| 245 | _aTolstoy kadhakal | ||
| 260 |
_bChintha Publishers _c2012 _aThiruvananthapuram |
||
| 300 | _a320p. | ||
| 653 | _aFiction - Malayalam literature | ||
| 942 | _cCC | ||
| 999 |
_c76145 _d76144 |
||